Statistics for Every Charting Eurovision Song on UK Singles Chart (2010s)

Click here to take the quiz!

General Stats

  • This quiz has been taken 5 times
  • The average score is 35 of 69

Answer Stats

YearPeakCountrySong% Correct
2010#30GermanySatellite
80%
2017#97PortugalAmar pelos dois
60%
2015#97RussiaA Million Voices
60%
2012#167GreeceAphrodisiac
60%
2019#67The NetherlandsArcade
60%
2013#93United KingdomBelieve in Me
60%
2013#158The NetherlandsBirds
60%
2014#9The NetherlandsCalm After the Storm
60%
2014#23United KingdomChildren of the Universe
60%
2014#46DenmarkCliche Love Song
60%
2014#102SpainDancing in the Rain
60%
2012#3SwedenEuphoria
60%
2018#64CyprusFuego
60%
2015#11SwedenHeroes
60%
2016#61SwedenIf I Were Sorry
60%
2016#200BulgariaIf Love Was a Crime
60%
2012#60United KingdomLove Will Set You Free
60%
2013#102FinlandMarry Me
60%
2014#89FranceMoustache
60%
2013#15DenmarkOnly Teardrops
60%
2012#159RussiaParty for Everybody
60%
2010#200RomaniaPlaying with Fire
60%
2011#76SwedenPopular
60%
2015#69BelgiumRhythm Inside
60%
2014#17AustriaRise Like a Phoenix
60%
2014#116HungaryRunning
60%
2011#61AzerbaijanRunning Scared
60%
2019#73ItalySoldi
60%
2014#93FinlandSomething Better
60%
2016#160AustraliaSound of Silence
60%
2014#190UkraineTick-Tock
60%
2015#178AustraliaTonight Again
60%
2018#49IsraelToy
60%
2014#40SwedenUndo
60%
2013#72SwedenYou
60%
2014#140BelarusCheesecake
40%
2014#82MaltaComing Home
40%
2010#181AzerbaijanDrip Drop
40%
2013#129GermanyGlorious
40%
2014#85SwitzerlandHunter of Stars
40%
2011#16United KingdomI Can
40%
2013#80NorwayI Feed You My Love
40%
2010#137DenmarkIn a Moment Like This
40%
2014#161GermanyIs It Right
40%
2010#131IcelandJe ne sais quoi
40%
2012#77CyprusLa La Love
40%
2011#40IrelandLipstick
40%
2010#85BelgiumMe and My Guitar
40%
2014#174RomaniaMiracle
40%
2011#78DenmarkNew Tomorrow
40%
2014#70IcelandNo Prejudice
40%
2014#88ArmeniaNot Alone
40%
2010#110GreeceOPA!
40%
2014#110GreeceRise Up
40%
2014#97NorwaySilent Storm
40%
2011#153MoldovaSo Lucky
40%
2019#61NorwaySpirit in the Sky
40%
2012#132GermanyStanding Still
40%
2015#114United KingdomStill in Love with You
40%
2011#117GermanyTaken by a Stranger
40%
2010#179United KingdomThat Sounds Good to Me
40%
2013#66MaltaTomorrow
40%
2012#122IrelandWaterline
40%
2010#129TurkeyWe Could Be the Same
40%
2011#128 (?)HungaryWhat About My Dreams
40%
2013#161RussiaWhat If
40%
2016#206RussiaYou Are the Only One
40%
2016#81United KingdomYou're Not Alone
40%
2010#81FranceAllez Ola Ole
20%

Score Distribution

Percentile by Number Answered

Percent of People with Each Score

Your Score History

You have not taken this quiz